00812nam a2200217 a 450000100100000000500170001000800410002702000150006804000250008310000370010824501110014524600360025626000300029230000360032250400310035850000260038970000480041504900090046395201050047299900170057700003425020200930070914.0110929s2004 dr ac 000 0 spa d a8477371393 aDO-SdBNPbspacBNPHU1 aPomar Rodil, Pablo Javier95966710aJerez :bguía artística y monumental /cPablo Javier Pomar Rodil, Miguel Ángel Mariscal Rodríguez.10aGuía artística y monumental aMadrid :bSílex,c2004. a254 P. :bil., retrs. ;c26 cm. aBibliografía : p.253-254 aTextos a dos columnas1 aMariscal Rodríguez, Miguel Ángel959668 aBNPD 0010718PDaGRbGRcCTd2011-09-29iLF1l0o p34250-10r2020-06-25w2020-06-25yLFPDZNo se presta c33741d33741